Distance learning : (Record no. 31520)
[ view plain ]
| 000 -LEADER | |
|---|---|
| fixed length control field | 01148cam a2200313 a 4500 |
| 001 - CONTROL NUMBER | |
| control field | 4518363 |
| 005 - DATE AND TIME OF LATEST TRANSACTION | |
| control field | 20230123105702.0 |
| 008 - FIXED-LENGTH DATA ELEMENTS--GENERAL INFORMATION | |
| fixed length control field | 981211s1999 cau b 001 0 eng d |
| 010 ## - LIBRARY OF CONGRESS CONTROL NUMBER | |
| LC control number | 98233173 |
| 020 ## - INTERNATIONAL STANDARD BOOK NUMBER | |
| International Standard Book Number | 0761914412 |
| 020 ## - INTERNATIONAL STANDARD BOOK NUMBER | |
| International Standard Book Number | 0761914420 (pbk.) |
| 035 ## - SYSTEM CONTROL NUMBER | |
| System control number | (OCoLC)40476431 |
| 040 ## - CATALOGING SOURCE | |
| Original cataloging agency | WaPS |
| Transcribing agency | WaPS |
| Modifying agency | DLC |
| 042 ## - AUTHENTICATION CODE | |
| Authentication code | lccopycat |
| 043 ## - GEOGRAPHIC AREA CODE | |
| Geographic area code | n-us--- |
| 050 00 - LIBRARY OF CONGRESS CALL NUMBER | |
| Classification number | LC 5805 .W55 1999 |
| 100 1# - MAIN ENTRY--PERSONAL NAME | |
| Personal name | Williams, Marcia L. |
| 245 10 - TITLE STATEMENT | |
| Title | Distance learning : |
| Remainder of title | the essential guide / |
| Statement of responsibility, etc. | Marcia L. Williams, Kenneth Paprock, Barbara Covington. |
| 260 ## - PUBLICATION, DISTRIBUTION, ETC. (IMPRINT) | |
| Place of publication, distribution, etc. | Thousand Oaks, Calif. : |
| Name of publisher, distributor, etc. | Sage, |
| Date of publication, distribution, etc. | c1999. |
| 300 ## - PHYSICAL DESCRIPTION | |
| Extent | 166 p. ; |
| Dimensions | 23 cm. |
| 504 ## - BIBLIOGRAPHY, ETC. NOTE | |
| Bibliography, etc | Includes bibliographical references (p. 157-159) and index. |
| 650 #0 - SUBJECT ADDED ENTRY--TOPICAL TERM | |
| Topical term or geographic name as entry element | Distance education |
| Geographic subdivision | United States. |
| 650 #0 - SUBJECT ADDED ENTRY--TOPICAL TERM | |
| Topical term or geographic name as entry element | Telecommunication in education. |
| 700 1# - ADDED ENTRY--PERSONAL NAME | |
| Personal name | Paprock, Kenneth. |
| 700 1# - ADDED ENTRY--PERSONAL NAME | |
| Personal name | Covington, Barbara. |
| 856 42 - ELECTRONIC LOCATION AND ACCESS | |
| Materials specified | Publisher description |
| Uniform Resource Identifier | <a href="http://www.loc.gov/catdir/enhancements/fy0656/98233173-d.html">http://www.loc.gov/catdir/enhancements/fy0656/98233173-d.html</a> |
| 856 41 - ELECTRONIC LOCATION AND ACCESS | |
| Materials specified | Table of contents only |
| Uniform Resource Identifier | <a href="http://www.loc.gov/catdir/enhancements/fy0656/98233173-t.html">http://www.loc.gov/catdir/enhancements/fy0656/98233173-t.html</a> |
| 942 ## - ADDED ENTRY ELEMENTS (KOHA) | |
| Source of classification or shelving scheme | |
| Koha item type | Hard Covered Materials |
| Classification part | LC 5805 .W55 1999 |
| Withdrawn status | Lost status | Source of classification or shelving scheme | Damaged status | Not for loan | Home library | Current library | Shelving location | Date acquired | Source of acquisition | Cost, normal purchase price | Full call number | Barcode | Date last seen | Price effective from | Koha item type |
|---|---|---|---|---|---|---|---|---|---|---|---|---|---|---|---|
| MACHAKOS UNIVERSITY LIBRARY | MACHAKOS UNIVERSITY LIBRARY | Open shelf | 23/01/2023 | Donation - Educate yourself | 14831.00 | LC 5805 .W55 1999 | 39302 | 24/01/2023 | 23/01/2023 | Hard Covered Materials |